| 000 | 00335 a2200145 4500 | ||
|---|---|---|---|
| 001 | 63853 | ||
| 020 | _a9788126140237 | ||
| 082 | _a823.91 FOR | ||
| 090 |
_c37775 _d37775 |
||
| 100 | _aForster E.M | ||
| 245 | _aA Passage to India | ||
| 260 |
_aNew Delhi _bAnmol Publications _c2009 |
||
| 300 | _a277 p | ||
| 600 | _aAditya Nandwani | ||
| 942 |
_acaenust _k823.91 FOR |
||
| 999 |
_c298926 _d298926 |
||